As aventuras de Tom Sawyer (Registo nº 1022)
[ vista simples ]
| 000 -Etiqueta do registo | |
|---|---|
| Cabeçalho | 00862nam0a2200265 4500 |
| 005 - Identificador da versão | |
| Campo de controlo | 20240813121823.0 |
| 010 ## - Número internacional normalizado dos livros (ISBN) | |
| Número (ISBN) | 9789898236098 |
| 021 ## - Número do Depósito Legal | |
| Código do país | PT |
| Número | 295 877/09 |
| 100 ## - Dados gerais de processamento | |
| Dados gerais de processamento | 20160513d2009 a y0pory5003 ba |
| 102 ## - Pais de publicação ou produção | |
| País de publicação | Portugal |
| 101 1# - Língua de publicação | |
| Língua do texto, banda sonora, etc. | Português |
| Língua do documento no original | Inglês |
| 215 ## - Descrição física | |
| Indicação específica da natureza do documento e extensão da espécie | 297, [2] p |
| 200 1# - Titulo e menção de responsabilidade | |
| Título próprio | As aventuras de Tom Sawyer |
| Primeira menção de responsabilidade | Mark Twain |
| Outras menções de responsabilidade | trad. Maria João Freire Andrade |
| 225 2# - Colecção | |
| Título próprio da colecção | Biblioteca juvenil |
| Indicação de volume | 4 |
| 210 ## - Publicação, Distribuição, etc. | |
| Lugar da edição, distribuição, etc. | Lisboa |
| Nome do editor, distribuidor, etc. | Ed. Nelson de Matos |
| Data da publicação, distribuição, etc. | 2009 |
| 300 ## - Notas gerais | |
| Texto da nota | Mark Twain é pseudónimo de Samuel Langhorne Clemen |
| 606 ## - Nome comum usado como assunto | |
| Número de registo de entrada de autoridade | 0002775 |
| Palavra de ordem | Literatura americana |
| Subdivisão de assunto | Romances de aventuras |
| Código do sistema | CA |
| 675 ## - Classificação Decimal Universal (CDU) | |
| Notação | 821.111(73)-311.3 |
| Edição | 3ª ed. |
| Língua da edição | por |
| 702 #1 - Nome de autor-pessoa física (responsabilidade secundária) | |
| Número de registo de entrada de autoridade | 0001163 |
| Palavra de ordem | Andrade |
| Outra parte do nome não tomada para palavra de ordem | Maria João Freire |
| Código de função | Tradutor |
| 700 #1 - Nome de autor-pessoa física (responsabilidade principal) | |
| Número de registo de entrada de autoridade | 0002944 |
| Palavra de ordem | Twain |
| Outra parte do nome não tomada para palavra de ordem | Mark |
| Elementos de identificação ou distinção | pseud. |
| Datas | 1835-1910 |
| 966 ## - Identificação da Biblioteca | |
| Sigla | EB2,3ENM |
| 942 ## - Elementos de entrada adicionados (Koha) | |
| Tipo de item no Koha | Livro |
| Situação do levantamento | Origin of item (home branch) (coded) | Biblioteca de empréstimo | Código de barras | Cota | Circulation type (not for loan) | Tipo de documento | Nota do exemplar | Damaged status |
|---|---|---|---|---|---|---|---|---|
| Biblioteca Escolar Eng. Nuno Mergulhão | Biblioteca Escolar Eng. Nuno Mergulhão | BENM1879 | 82LE-3 TWA | Livro | Sem mensagem |
